000 00720nam a2200181Ia 4500
008 090124s9999 xx 000 0 und d
082 _b120258
100 _aपाध्ये भाऊ ( प्रभाकर नारायण )
245 _a ालीपीठ ( अ व्यभिचार कथा )
250 _a1
260 _c1984
300 _a183
600 _aपाध्ये भाऊ ( प्रभाकर नारायण )
630 _a ालीपीठ ( अ व्यभिचार कथा )
700 _aपाध्ये भाऊ ( प्रभाकर नारायण )
730 _a ालीपीठ ( अ व्यभिचार कथा )
942 _cBOOK
999 _c166344
_d166344